000 00634nam a2200181 i 4500
001 88713
003 ES-MaACL
005 20231226145006.0
007 t|
008 050105s1930 sp ||||1| spa d
100 1 _aLarra, Mariano José de,
_d1809-1837
_970287
245 1 4 _aLos mejores artículos de Larra /
_ccon una nota a modo de prólogo por Alberto de Segovia.
260 _aMadrid :
_bCompañía Ibero-Americana de Publicaciones,
_c[1930] (
_fCompañía General de Artes Gráficas)
300 _a267 p. ;
_c19 cm.
700 1 _aSegovia, Alberto de.
_9105139
852 _aES-MaACL
_jB-6437
999 _c88713
_d88713